Revista argentina de medicina psicosomática /
Uloženo v:
| Další autoři: | , |
|---|---|
| Médium: | Kniha |
| Jazyk: | španělština |
| Témata: | |
| Tagy: |
Žádné tagy, Buďte první, kdo vytvoří štítek k tomuto záznamu!
|
MARC
| LEADER | 00000nam^a2200000^a^4500 | ||
|---|---|---|---|
| 001 | 000136191 | ||
| 005 | 20250521000000.0 | ||
| 009 | 20260310095308.567 | ||
| 037 | |a Acervo ITESO - Biblioteca | ||
| 041 | |a ESP | ||
| 082 | |a 616. 805 |b MED V. 42 | ||
| 240 | 1 | 1 | |a [Revista argentina de medicina psicosomática] |
| 245 | 0 | 0 | |a Revista argentina de medicina psicosomática / |c Dir. de H.A. Helou, O. Helou. |
| 264 | |a Córdoba, Argentina : |b editorial no identificada, |c 1983 | ||
| 300 | |a 36 p. | ||
| 336 | |a texto |b txt |2 rdacontenido | ||
| 337 | |a sin mediación |b n |2 rdamedio | ||
| 338 | |a volumen |b nc |2 rdasoporte | ||
| 649 | |a XX | ||
| 650 | |a Medicina - |x Publicaciones Periódicas Argentinas | ||
| 650 | |a Identidad Cultural | ||
| 650 | |a Dinámica de Grupos | ||
| 650 | |a Yo (Psicoanálisis) | ||
| 650 | |a Terapia Familiar | ||
| 650 | |a Relaciones Familiares | ||
| 650 | |a Dolor Físico - |x Aspectos Psicológicos | ||
| 650 | |a Culpa - |x Aspectos Psicológicos | ||
| 650 | |a Psicoanálisis | ||
| 650 | |a Psicología | ||
| 650 | |a Medicina - |x Aspectos Psicológicos | ||
| 650 | |a Ciencias Médicas | ||
| 650 | |a Ciencia | ||
| 700 | |a Helou, Horacio A. |e (dirección) | ||
| 700 | |a Helou, Oscar |e (dirección) | ||
| 910 | |a Fondo Salvador Reynoso Reynoso | ||
| 920 | |a Impresos - Libros | ||
| 930 | |a Fondos Especiales | ||
| 905 | |a 112 | ||
| 901 | |a 0800013512 |b IT2 |c ESP |u 20250521 | ||
| 902 | |a https://opac.biblio.iteso.mx/vufind/Record/000136191 | ||